| 000 | 00707cab a2200229 4500 | ||
|---|---|---|---|
| 001 | ABS58802 | ||
| 008 | 090401t1998 xxu||||| |||| 00| 0 eng d | ||
| 035 | _a(Sirsi) u86562 | ||
| 041 | _aeng | ||
| 245 | _aWords on worth | ||
| 260 | _c1998 | ||
| 350 | _a0 | ||
| 490 |
_aEstates Gazette _v(9820) 16 May 1998, 125-128(3) |
||
| 520 | _aMakes the distinction between a property`s price and worth, and how the practices of making a valuation, appraisal and calculation of worth differ. Definitions. | ||
| 650 | _aCALCULATION OF WORTH | ||
| 650 | _aMARKET PRICE | ||
| 650 | _aOPEN MARKET VALUE | ||
| 650 | _aVALUATION METHODS | ||
| 690 | _aRATING AND VALUATION | ||
| 942 | _n0 | ||
| 948 | _c03/06/1998 | ||
| 999 |
_c54491 _d54491 |
||